00959nam a2200229Ia 450000500170000000800410001708200210005824501060007925000190018530000590020450000210026350400280028450500970031260000420040961000650045165000460051626400440056233600270060633700330063333800280066604000350069420220317001217.0160825s2000 ck a g 000 0 spa 04aR 708.074bB15mc13aLa mirada del coleccionistabel ojo crítico de Hernando SantoscBanco de la Repúblicahcatálogo a1a. edición  a183 páginas bilustraciones, fotografías c30 cm  aIncluye índice aIncluye bibliografía  aColonia -- República -- Colombia, siglo XX -- Arte internacional -- Toros -- Documentos.14aSantos Castillo, Hernando d1922-199914aBanco de la República (Bogota)vExposiciones vCatálogo 142LEMBaArtexColeccionistas y colecciones  aBogotábBanco de la Repúblicac2000 atextobtxt2rdacontent asin mediaciónbn2rdamedia avolumenbnc2rdacarrier aCO-BoRNBPbspaerdacCO-BoRNBP